| 000 | 00748cam a2200205 a 4500 | ||
|---|---|---|---|
| 001 | 000001004 | ||
| 005 | 20200929145449.0 | ||
| 008 | 761210s1969 sp b 000 0 spa | ||
| 040 |
_aDO-SdBNP _bspa _cBNPHU |
||
| 082 |
_a321.5 _bC837ó, 1969 |
||
| 100 | 1 |
_aCosta y Martínez, Joaquín, _d1846-1911. _93500 |
|
| 245 | 1 | 0 |
_aOligarquía y caciquismo : _bcolectivismo agrario y otros escritos (antología) / _cJoaquín Costa ; edición y prólogo de Rafael Pérez de la Dehesa. |
| 250 | _a2a ed. | ||
| 260 |
_aMadrid : _bAlianza, _c1969. |
||
| 300 |
_a274 p. ; _c18 cm. |
||
| 650 | 4 |
_aOligarquía _9596 |
|
| 651 | 4 |
_aEspaña _xPolítica Y Gobierno _93501 |
|
| 651 | 4 |
_aEspaña _xCondiciones Sociales _93502 |
|
| 700 | 1 |
_aPérez de la Dehesa, Rafael, _eed. _93503 |
|
| 999 |
_c983 _d983 |
||